000 00477nam a2200133 4500
999 _c8658
_d8658
008 180215b xxu||||| |||| 00| 0 eng d
082 _aDPer 050 Dec 2015-Mar 2016 T48 v186-187
100 _926517
_aBremmer, Ian.
245 _aWhat traders don't know about China hurt them/
_cIan Bremmer.
260 _aNew York :
_bTime Inc.,
_c©Dec 2015-Mar 2016.
300 _av187 n2, page 8:
_billustrations;
_c27 cm.
650 0 _926518
_aEconomic conditions
_zChina.
942 _2ddc
_cPER